Alexander Hamilton Quiz - Statistics

General Stats
  • This quiz has been taken 55 times
  • The average score is 7 of 16
Answer Stats
Hint Answer % Correct
Was appointed aide-de-camp, with the rank of Lieutenant Colonel, to this man George Washington
83%
Died similarly after a New Jersey duel with this Vice President and political rival of Hamilton Aaron Burr
80%
Left the Caribbean in 1772 and, after arriving in Boston, traveled to this other Northeastern city New York City
76%
Married this wealthy woman in 1780 Elizabeth Schuyler
65%
This Secretary of State and head of the Democratic-Republican party was Hamilton’s fiercest rival Thomas Jefferson
63%
Attended this New York college, later known as Colombia University King’s College
61%
Along with James Madison and John Jay, he wrote essays for this collection of documents defending the U.S. Consitution The Federalist Papers
59%
This eldest son of Alexander and Elizabeth Hamilton died after receiving a mortal wound in a duel with George Eacker Phillip Hamilton
57%
Began his career in this field after resigning from active military service Law
46%
Born on this island in the British West Indies in either 1757 or 1755 Nevis
39%
Was a named New York delegate to this political event The Constitutional Convention
39%
Was the first person to hold this position under President Washington Secretary of the Treasury
33%
Founded and headed this political party, the opponent of the aforementioned Democratic-Republicans The Federalist Party
20%
Commanded the New York and Connecticut light infantry battalions at this Virginia battle The Battle of Yorktown
17%
Was rejected from this Ivy League university after they refused his demand for accelerated study Princeton University
11%
Started this popular New York newspaper The New York Evening Post
0%
No matching quizzes found
Score Distribution
Percent of People with Each Score
Percentile by Number Answered
Your Score History
You have not taken this quiz